[Event "East Detroit (MCO/4)"]
[Site "?"]
[Date "1983.??.??"]
[Round "?"]
[White "Martens, D.."]
[Black "Conklin, M.."]
[Result "1-0"]
[WhiteElo "1765"]
[BlackElo "1605"]
[PlyCount "121"]
[EventDate "1983.??.??"]

1. e4 c5 2. c3 Nf6 3. e5 Nd5 4. d4 e6 5. Nf3 d6 6. c4 Nc7 7. dxc5 dxc5 8. Qxd8+
Kxd8 9. Nc3 Nc6 10. Bg5+ Be7 11. O-O-O+ Ke8 12. Ne4 Bxg5+ 13. Nexg5 h6 14. Ne4
b6 15. g3 Ke7 16. Bg2 f6 17. exf6+ gxf6 18. Nh4 Rg8 19. Nxf6 Kxf6 20. Bxc6 Rb8
21. f4 Ba6 22. Rd7 Rbc8 23. b3 b5 24. cxb5 Bxb5 25. Bxb5 Nxb5 26. Nf3 Kf5 27.
Ne5 Rc7 28. Rhd1 Rg7 29. Rxc7 Rxc7 30. Rd7 Rxd7 31. Nxd7 Kg4 32. Nxc5 Kh3 33.
Nxe6 Kxh2 34. g4 Nd6 35. g5 h5 36. g6 Nf5 37. g7 Nxg7 38. Nxg7 h4 39. Nh5 h3
40. f5 Kg1 41. f6 h2 42. f7 h1=Q 43. f8=Q Qxh5 44. Qg7+ Kh2 45. Qxa7 Qf3 46.
Qh7+ Kg3 47. Qc2 Kf4 48. Kb2 Qb7 49. a4 Ke5 50. Qd3 Ke6 51. a5 Qg7+ 52. Ka3
Qa1+ 53. Kb4 Qe1+ 54. Qc3 Qd1 55. a6 Qd6+ 56. Qc5 Qxa6 57. Qc4+ Qxc4+ 58. bxc4
Kd6 59. Kb5 Kc7 60. Kc5 Kb7 61. Kd6 1-0

[Event "Ann Arbor (MI Op/7)"]
[Site "?"]
[Date "1983.??.??"]
[Round "?"]
[White "Maring, L.."]
[Black "Riopelle, J.."]
[Result "1-0"]
[WhiteElo "2020"]
[BlackElo "1685"]
[PlyCount "43"]
[EventDate "1983.??.??"]

1. e4 e5 2. Nf3 Nc6 3. Bc4 Bc5 4. c3 Nf6 5. d4 exd4 6. cxd4 Bb4+ 7. Nc3 O-O 8.
Bg5 Be7 9. O-O d6 10. h3 h6 11. Bf4 Nxe4 12. Nxe4 d5 13. Bd3 dxe4 14. Bxe4 Bf6
15. Bxc6 bxc6 16. Rc1 Bd7 17. b3 Rb8 18. d5 cxd5 19. Bxc7 Qe7 20. Bxb8 Rxb8 21.
Qxd5 Be6 22. Qa5 1-0

[Event "Ann Arbor (MI Op/4)"]
[Site "?"]
[Date "1983.??.??"]
[Round "?"]
[White "Maring, L.."]
[Black "Prusaitis, William"]
[Result "1-0"]
[WhiteElo "2020"]
[BlackElo "1845"]
[PlyCount "75"]
[EventDate "1983.??.??"]

1. e4 e6 2. d4 d5 3. e5 c5 4. c3 Bd7 5. Nf3 Qb6 6. Be2 Bb5 7. O-O Nc6 8. Be3
Rc8 9. a3 cxd4 10. cxd4 Nge7 11. Nc3 Bxe2 12. Qxe2 Nf5 13. Rad1 Be7 14. h3 Na5
15. Na4 Qb3 16. Nc5 Bxc5 17. dxc5 Nxe3 18. Rd3 Qb5 19. Rxe3 Qxe2 20. Rxe2 Nc4
21. b4 Nxa3 22. Nd4 a6 23. Ra1 Nc4 24. f4 Kd7 25. f5 Ra8 26. Rf1 Rhf8 27. g4 g6
28. fxe6+ fxe6 29. Rf6 Rae8 30. g5 Rxf6 31. gxf6 Rc8 32. Nb3 Ke8 33. Kf2 Rc6
34. Nd4 Rc8 35. Nxe6 Kf7 36. Ng5+ Kg8 37. e6 b6 38. e7 1-0

[Event "Ann Arbor (MI Op/6)"]
[Site "?"]
[Date "1983.??.??"]
[Round "?"]
[White "Maring, L.."]
[Black "George, R.."]
[Result "0-1"]
[WhiteElo "2020"]
[BlackElo "1915"]
[PlyCount "92"]
[EventDate "1983.??.??"]

1. e4 e5 2. Nf3 Nc6 3. Bb5 a6 4. Ba4 Nf6 5. c3 b5 6. Bc2 d6 7. d4 Bg4 8. Be3
exd4 9. cxd4 Nb4 10. Nbd2 Nxc2+ 11. Qxc2 Be7 12. Rc1 O-O 13. Qxc7 Qxc7 14. Rxc7
Rfc8 15. Rxc8+ Rxc8 16. O-O Bxf3 17. gxf3 h6 18. d5 Rc2 19. Rb1 Nd7 20. Nb3 Bf6
21. Nd4 Bxd4 22. Bxd4 f6 23. Kf1 Ne5 24. Bxe5 fxe5 25. Kg2 Kf7 26. Kf1 g5 27.
a3 Ke7 28. Kg2 Kd7 29. b4 Ra2 30. Rb3 Rc2 31. Re3 Rc8 32. Kg3 Ke7 33. h4 Kf6
34. hxg5+ Kxg5 35. Kh3 Kf4 36. Kh4 Rc2 37. Kh5 Rxf2 38. Rc3 Rxf3 39. Rc6 Kxe4
40. Rxd6 Kf5 41. Kxh6 Rxa3 42. Rc6 Rd3 43. d6 Ke6 44. Rxa6 Rxd6 45. Ra8 Kf5+
46. Kh5 Rd4 0-1

[Event "Ann Arbor (MI Op/2)"]
[Site "?"]
[Date "1983.??.??"]
[Round "?"]
[White "Maring, L.."]
[Black "Davis, L.."]
[Result "1/2-1/2"]
[WhiteElo "2020"]
[BlackElo "1890"]
[PlyCount "113"]
[EventDate "1983.??.??"]

1. e4 c5 2. Nf3 e6 3. d4 cxd4 4. Nxd4 Nf6 5. Bd3 Nc6 6. Nf3 d5 7. exd5 Nxd5 8.
a3 Bd6 9. O-O O-O 10. c4 Nf4 11. Bxf4 Bxf4 12. Qc2 h6 13. Nc3 a6 14. Rad1 Qc7
15. Rfe1 b6 16. g3 Bd6 17. Ne4 Be7 18. Bf1 Bb7 19. Bg2 Rfd8 20. b4 Rac8 21. Qe2
Nb8 22. Rc1 Rd7 23. c5 Bxe4 24. Qxe4 bxc5 25. Ne5 Rd4 26. Qe2 c4 27. Nxf7 Kxf7
28. Qxe6+ Kf8 29. Bd5 Rxd5 30. Qxd5 Qd7 31. Qe4 c3 32. Rcd1 Qc7 33. Rc1 Bf6 34.
h4 Nc6 35. a4 Nd4 36. b5 axb5 37. axb5 Nxb5 38. Qb4+ Nd6 39. Re6 Rd8 40. Qf4
Kg8 41. Rxf6 gxf6 42. Qxf6 Nf7 43. Rxc3 Rd1+ 44. Kh2 Qb7 45. Rf3 Rd6 46. Qf4
Rd4 47. Qe3 Rd8 48. Rf4 Qd5 49. Rg4+ Kf8 50. Qc3 Qe5 51. Qc4 Qd5 52. Qb4+ Qd6
53. Qe4 Qd3 54. Qg2 Qd5 55. Qf1 Qd1 56. Qc4 Qd5 57. Qb4+ 1/2-1/2

[Event "Ann Arbor (MI Op/3)"]
[Site "?"]
[Date "1983.??.??"]
[Round "?"]
[White "Marfia, J.."]
[Black "Thompson, Dexter"]
[Result "0-1"]
[WhiteElo "2185"]
[BlackElo "2015"]
[PlyCount "90"]
[EventDate "1983.??.??"]

1. e4 e5 2. Nf3 Nc6 3. Bb5 a6 4. Ba4 Nf6 5. O-O b5 6. Bb3 Be7 7. d4 d6 8. c3
O-O 9. Nbd2 Bg4 10. h3 Bh5 11. d5 Nb8 12. a4 Nbd7 13. Qe2 Nc5 14. Bc2 bxa4 15.
Bxa4 Nxa4 16. Rxa4 Qd7 17. Ra5 Rfb8 18. c4 Bd8 19. Ra3 c5 20. Re1 a5 21. g4 Bg6
22. Nh4 Nxd5 23. Nxg6 Nb4 24. Nxe5 dxe5 25. Nf3 Nc6 26. Be3 Nd4 27. Bxd4 exd4
28. Rc1 Qe6 29. Ne1 Bg5 30. Rc2 a4 31. Nd3 Be7 32. Nf4 Qh6 33. Nd5 Bd8 34. Qf3
Rxb2 35. Rxb2 Qc1+ 36. Kg2 Qxb2 37. e5 Ra7 38. Qf5 Qxa3 39. Qc8 h6 40. Qxd8+
Kh7 41. Ne7 Rxe7 42. Qxe7 Qd3 43. Qxc5 Qe4+ 44. f3 Qc2+ 45. Kg3 d3 0-1

[Event "Ann Arbor (MI Op/1)"]
[Site "?"]
[Date "1983.??.??"]
[Round "?"]
[White "Marfia, J.."]
[Black "Pence, Mark"]
[Result "1-0"]
[WhiteElo "2185"]
[BlackElo "1995"]
[PlyCount "109"]
[EventDate "1983.??.??"]

1. e4 c5 2. Nf3 Nc6 3. d4 cxd4 4. Nxd4 Nf6 5. Nc3 d6 6. Bc4 e6 7. Be3 a6 8. Qe2
Be7 9. O-O-O Qc7 10. Bb3 Nxd4 11. Bxd4 O-O 12. Rhg1 e5 13. Be3 Bg4 14. f3 Be6
15. Kb1 b5 16. g4 Bc4 17. Bxc4 Qxc4 18. Qxc4 bxc4 19. g5 Ne8 20. Nd5 Bd8 21. c3
f5 22. Bb6 g6 23. Bxd8 Rxd8 24. exf5 gxf5 25. Nb6 Kf7 26. Nxc4 Ke6 27. Rge1 Rc8
28. Ne3 Rc5 29. Kc2 Nc7 30. b4 Rc6 31. Kb3 d5 32. c4 Rd8 33. cxd5+ Nxd5 34.
Nxd5 Rxd5 35. Rxd5 Kxd5 36. Rd1+ Ke6 37. a4 e4 38. f4 Kf7 39. Rd5 Kg6 40. h4
Kh5 41. Rxf5 Kg4 42. Rf6 Rc8 43. f5 Kxh4 44. g6 Kg5 45. Rxa6 Kxf5 46. gxh7 e3
47. Ra7 Re8 48. Re7 Rxe7 49. h8=Q e2 50. Qf8+ Ke6 51. Qf2 Kd5 52. Qe1 Re3+ 53.
Kc2 Ke4 54. a5 Kf3 55. Kd2 1-0

[Event "Ann Arbor (MI Op/6)"]
[Site "?"]
[Date "1983.??.??"]
[Round "?"]
[White "Marfia, J.."]
[Black "Fischman, R.."]
[Result "1-0"]
[WhiteElo "2185"]
[BlackElo "1900"]
[PlyCount "43"]
[EventDate "1983.??.??"]

1. e4 c5 2. Nf3 d6 3. d4 cxd4 4. Nxd4 Nf6 5. Nc3 a6 6. Bg5 e6 7. f4 Qb6 8. Qd2
Qxb2 9. Rb1 Qa3 10. f5 Be7 11. fxe6 fxe6 12. Bc4 h6 13. Be3 d5 14. exd5 b5 15.
Bd3 Nxd5 16. Bg6+ Kf8 17. Nxd5 exd5 18. O-O+ Bf6 19. Bxh6 Kg8 20. Rb3 Qc5 21.
Rxf6 Rxh6 22. Rc3 1-0

[Event "East Detroit (MCO/4)"]
[Site "?"]
[Date "1983.??.??"]
[Round "?"]
[White "Lungu, C.."]
[Black "Kellogg, S.."]
[Result "0-1"]
[WhiteElo "1605"]
[BlackElo "1605"]
[PlyCount "120"]
[EventDate "1983.??.??"]

1. e4 Nf6 2. Bc4 g6 3. d3 Bg7 4. h3 O-O 5. c3 a6 6. a3 b5 7. Ba2 Bb7 8. Nf3 h6
9. Be3 Nc6 10. Nh4 Kh7 11. Nd2 e6 12. O-O Ne7 13. Nb3 d6 14. Rc1 a5 15. Bb1 a4
16. Nd4 Bc6 17. Nxc6 Nxc6 18. Qe2 Ne7 19. Rcd1 Qb8 20. d4 e5 21. dxe5 dxe5 22.
Nf3 Nfg8 23. Rd3 Qb7 24. Rfd1 Qxe4 25. Rd7 Qb7 26. Be4 Qxe4 27. Qxb5 Rfb8 28.
Qe2 Qb7 29. R1d2 Ra5 30. Qc4 Qb3 31. Qxc7 Rab5 32. Bc5 Rc8 33. Qd6 Rbxc5 34.
Rxe7 Nxe7 35. Qxe7 R8c7 36. Qe8 Rc8 37. Qd7 R5c7 38. Qd3 Qa2 39. h4 Qe6 40. h5
e4 41. hxg6+ fxg6 42. Qe3 Re7 43. Nd4 Bxd4 44. Rxd4 Qc6 45. f3 Rce8 46. f4 Qb7
47. Rb4 Qd7 48. Rd4 Qb5 49. Rb4 Qd3 50. Qc5 e3 51. Rb8 e2 52. Rxe8 e1=Q+ 53.
Kh2 Rxe8 54. Qc7+ Qe7 55. Qb6 Qee4 56. g3 Qee2+ 57. Kh3 Qh5+ 58. Kg2 Re2+ 59.
Kg1 Qh2+ 60. Kf1 Qg2# 0-1

[Event "Ann Arbor (MI Op/4)"]
[Site "?"]
[Date "1983.??.??"]
[Round "?"]
[White "Lloyd, J.."]
[Black "Pinto, M.."]
[Result "0-1"]
[WhiteElo "1860"]
[BlackElo "2155"]
[PlyCount "82"]
[EventDate "1983.??.??"]

1. e4 c6 2. d4 d5 3. Nc3 dxe4 4. Nxe4 Nf6 5. Nxf6+ gxf6 6. Nf3 Bf5 7. Bc4 e6 8.
Bb3 Qc7 9. Qe2 Nd7 10. Nh4 Bg6 11. f4 O-O-O 12. Be3 Bd6 13. Nxg6 hxg6 14. g3 f5
15. O-O-O Nf6 16. c4 Kb8 17. c5 Be7 18. h3 Rh7 19. g4 Rdh8 20. g5 Ne8 21. Qf3
Qd7 22. Rd3 Nc7 23. Bc4 Nd5 24. Bd2 Bd8 25. a4 Bc7 26. Qf2 Rh4 27. Rf3 Ka8 28.
b4 b5 29. cxb6 axb6 30. Kb2 Qd6 31. Kb3 Nxf4 32. b5 Rxh3 33. Bxf4 Qxf4 34. Be2
Ka7 35. Qg2 Rxf3+ 36. Bxf3 Qe3+ 37. Kc4 Rd8 38. Rd1 c5 39. d5 Be5 40. Rd3 Qc1+
41. Kb3 c4+ 0-1

[Event "Ann Arbor (MI Op/6)"]
[Site "?"]
[Date "1983.??.??"]
[Round "?"]
[White "Lloyd, J.."]
[Black "Arganian, David H"]
[Result "0-1"]
[WhiteElo "1860"]
[BlackElo "1975"]
[PlyCount "112"]
[EventDate "1983.??.??"]

1. e4 e5 2. Nf3 Nc6 3. Bc4 Nf6 4. d4 exd4 5. O-O Nxe4 6. Re1 d5 7. Bxd5 Qxd5 8.
Nc3 Qa5 9. Nxe4 Be6 10. Neg5 O-O-O 11. Nxe6 fxe6 12. Rxe6 Bd6 13. Bg5 Rdf8 14.
Qe2 h6 15. Bh4 g5 16. Bg3 Bxg3 17. hxg3 Rd8 18. a3 h5 19. Ne5 d3 20. Nxc6 dxe2
21. Nxa5 Rd1+ 22. Kh2 Rxa1 23. Rxe2 g4 24. Nb3 Rf1 25. Nd2 Rd1 26. Ne4 Rf8 27.
b3 b6 28. a4 Kd8 29. Nc3 Rd7 30. Kg1 a5 31. Kf1 Re8 32. f3 Rxe2 33. Kxe2 Re7+
34. Kf2 Kd7 35. Nd5 Rf7 36. Nf4 Rf5 37. Nd3 Kd6 38. f4 c6 39. c4 b5 40. c5+ Kd5
41. axb5 cxb5 42. Ke3 a4 43. bxa4 bxa4 44. Kd2 a3 45. Kc2 Kc4 46. c6 a2 47. c7
Rf8 48. Ne5+ Kb5 49. Kb2 Ra8 50. Ka1 Kb6 51. Nd7+ Kxc7 52. Nf6 Ra5 53. Ne4 Kd7
54. Nc3 Ke6 55. Nxa2 Ra3 56. Kb2 Rxg3 0-1

[Event "East Detroit (MCO/3)"]
[Site "?"]
[Date "1983.??.??"]
[Round "?"]
[White "Libby, Dan"]
[Black "Puls, M.."]
[Result "0-1"]
[WhiteElo "1680"]
[BlackElo "2180"]
[PlyCount "86"]
[EventDate "1983.??.??"]

1. c4 Nf6 2. Nc3 e6 3. g3 d5 4. b3 d4 5. Nb1 c5 6. d3 Bd6 7. Bg2 O-O 8. Nf3 Nc6
9. O-O e5 10. Nfd2 Be6 11. Re1 Rc8 12. Nf1 Ne8 13. Na3 Qd7 14. Bd2 Bh3 15. Bh1
f5 16. Nb5 Bb8 17. e3 a6 18. Na3 Nf6 19. Nc2 e4 20. exd4 exd3 21. d5 dxc2 22.
dxc6 cxd1=Q 23. cxd7 Qxe1 24. Rxe1 Rcd8 25. Ba5 Rxd7 26. Bb6 Bxf1 27. Kxf1 Bd6
28. f4 Kf7 29. Rd1 Be7 30. Re1 Re8 31. Bf3 Bf8 32. Ra1 Ne4 33. Ba5 Nd2+ 34.
Bxd2 Rxd2 35. Bxb7 Ree2 36. a3 Be7 37. b4 Bf6 38. Bd5+ Kf8 39. bxc5 Bxa1 40. c6
Rf2+ 41. Ke1 Bc3 42. c7 Rde2+ 43. Kd1 Re1# 0-1

[Event "East Detroit (MCO/5)"]
[Site "?"]
[Date "1983.??.??"]
[Round "?"]
[White "Libby, Dan"]
[Black "Franke, R.."]
[Result "1-0"]
[WhiteElo "1680"]
[BlackElo "1845"]
[PlyCount "55"]
[EventDate "1983.??.??"]

1. c4 e6 2. g3 d5 3. b3 Nf6 4. Nf3 c5 5. Bg2 Nc6 6. O-O Be7 7. Re1 O-O 8. cxd5
exd5 9. d3 Re8 10. e4 dxe4 11. dxe4 Qxd1 12. Rxd1 Nxe4 13. Bb2 Bf6 14. Bxf6
Nxf6 15. Nc3 a6 16. Na4 Rb8 17. Nxc5 b6 18. Na4 b5 19. Nc5 Bg4 20. Nxa6 Rb6 21.
Nc7 Re7 22. Nd5 Nxd5 23. Rxd5 Rb8 24. Nd4 Rbe8 25. Nxc6 Re1+ 26. Rxe1 Rxe1+ 27.
Bf1 h6 28. Kg2 1-0

[Event "East Detroit (MCO/1)"]
[Site "?"]
[Date "1983.??.??"]
[Round "?"]
[White "Libby, Dan"]
[Black "Brooks, John"]
[Result "1-0"]
[WhiteElo "1680"]
[BlackElo "2150"]
[PlyCount "121"]
[EventDate "1983.??.??"]

1. c4 c5 2. Nc3 Nf6 3. g3 d5 4. Bg2 d4 5. Nb1 e5 6. d3 Bd6 7. Bg5 Nbd7 8. a3
Qb6 9. Qc1 h6 10. Bd2 a5 11. a4 O-O 12. Na3 Re8 13. Nb5 Bf8 14. Nf3 e4 15. dxe4
Nxe4 16. Bf4 Nd6 17. e3 g5 18. Nxg5 hxg5 19. Bxg5 Nxb5 20. axb5 Qg6 21. h4 Qd6
22. Ra3 Qg6 23. O-O Ne5 24. Bd5 Ra7 25. exd4 cxd4 26. c5 Be6 27. Bg2 Nd3 28.
Qd2 Nxc5 29. Qxd4 b6 30. b4 Rd7 31. Qb2 axb4 32. Re3 Nd3 33. Qb1 Bc5 34. Be4
Bxe3 35. Bxg6 Bxf2+ 36. Rxf2 Nxf2 37. Kxf2 fxg6 38. Qxg6+ Kf8 39. Qh6+ Kg8 40.
Bf6 Bc4 41. Qh8+ Kf7 42. Qg7+ Ke6 43. Qg4+ Kxf6 44. Qxd7 Re5 45. Qd4 Bxb5 46.
g4 b3 47. Qxb6+ Ke7 48. Qc7+ Ke6 49. Qc3 Re4 50. Qxb3+ Bc4 51. Qb6+ Ke5 52.
Qc5+ Bd5 53. Qc7+ Kf6 54. Qd8+ Ke5 55. Qg5+ Kd6 56. Qd8+ Ke5 57. Qh8+ Kd6 58.
g5 Rg4 59. Qd8+ Ke5 60. Qf6+ Ke4 61. Qf3+ 1-0

[Event "East Detroit (MCO/3)"]
[Site "?"]
[Date "1983.??.??"]
[Round "?"]
[White "Lewis, Derrick"]
[Black "Small, L.."]
[Result "0-1"]
[WhiteElo "1840"]
[BlackElo "2075"]
[PlyCount "80"]
[EventDate "1983.??.??"]

1. e4 c5 2. f4 d6 3. Nf3 Nf6 4. Nc3 a6 5. a4 g6 6. Bc4 e6 7. Qe2 Bg7 8. d3 Nc6
9. Be3 O-O 10. O-O d5 11. Bxc5 dxc4 12. Bxf8 cxd3 13. cxd3 Bxf8 14. e5 Nd5 15.
Qe4 Qb6+ 16. Kh1 Qxb2 17. Nxd5 exd5 18. Qe1 d4 19. Ng5 Bf5 20. Ne4 Bxe4 21.
Qxe4 Qb4 22. Rfb1 Qe7 23. Rb6 Rd8 24. Rab1 Rd7 25. g4 g5 26. Re1 gxf4 27. Qxf4
Bg7 28. Qf5 Qe6 29. Qh5 Qd5+ 30. Kg1 Nxe5 31. Rh6 Nf3+ 32. Kf2 Nxe1 33. Qxd5
Rxd5 34. Rb6 Nxd3+ 35. Ke2 Nc5 36. Rb1 d3+ 37. Kd2 Bh6+ 38. Kd1 Ne4 39. Rc1
Nf2+ 40. Ke1 d2+ 0-1

[Event "East Detroit (MCO/5)"]
[Site "?"]
[Date "1983.??.??"]
[Round "?"]
[White "Lewis, Derrick"]
[Black "Jackson, C.."]
[Result "1-0"]
[WhiteElo "1840"]
[BlackElo "1605"]
[PlyCount "61"]
[EventDate "1983.??.??"]

1. e4 c5 2. c3 Nc6 3. d4 cxd4 4. cxd4 d5 5. e5 e6 6. Nf3 Nge7 7. Bd3 Nf5 8.
Bxf5 exf5 9. Bg5 Be7 10. Bxe7 Qxe7 11. Nc3 Be6 12. O-O a6 13. Na4 f6 14. Re1
fxe5 15. Nxe5 O-O 16. Nc5 Rf6 17. Nxc6 bxc6 18. Re5 Qf7 19. Qe2 Re8 20. Re1 Bd7
21. Nxd7 Rxe5 22. Nxf6+ gxf6 23. dxe5 Qe6 24. exf6 Qxe2 25. Rxe2 Kf7 26. Re7+
Kxf6 27. Rc7 Ke6 28. Rxc6+ Ke5 29. Rxa6 d4 30. Kf1 Ke4 31. Ke1 1-0

[Event "East Detroit (MCO/1)"]
[Site "?"]
[Date "1983.??.??"]
[Round "?"]
[White "Levadi, David"]
[Black "Stacy, P.."]
[Result "1-0"]
[WhiteElo "1795"]
[BlackElo "1605"]
[PlyCount "73"]
[EventDate "1983.??.??"]

1. Nf3 d6 2. g3 g6 3. Bg2 Bg7 4. O-O Nf6 5. d3 O-O 6. c4 Bg4 7. h3 Bxf3 8. Bxf3
Nbd7 9. Bxb7 Rb8 10. Bg2 Ne8 11. Nc3 Nef6 12. Rb1 c5 13. Bd2 e6 14. Bf4 e5 15.
Bd2 Nb6 16. Qc2 d5 17. cxd5 Nfxd5 18. Nxd5 Nxd5 19. Qxc5 Rc8 20. Qxd5 Qxd5 21.
Bxd5 Rc2 22. Rfe1 e4 23. Bxe4 f5 24. Bd5+ Kh8 25. b4 Re8 26. Kf1 h5 27. Bb3 Rc7
28. Rbc1 Rce7 29. e3 g5 30. Rc5 Rf8 31. Rec1 Rfe8 32. Rxf5 Bd4 33. exd4 Re2 34.
Be3 R8xe3 35. fxe3 Rh2 36. Rc7 Rh1+ 37. Kf2 1-0

[Event "East Detroit (MCO/5)"]
[Site "?"]
[Date "1983.??.??"]
[Round "?"]
[White "Levadi, David"]
[Black "DeJongh, John"]
[Result "0-1"]
[WhiteElo "1795"]
[BlackElo "1605"]
[PlyCount "62"]
[EventDate "1983.??.??"]

1. Nf3 d5 2. b3 Nf6 3. Bb2 e6 4. e3 Be7 5. Be2 O-O 6. O-O Nbd7 7. d3 b6 8. Nbd2
Bb7 9. Re1 c5 10. c4 Qc7 11. Rc1 Rac8 12. Rc2 Bd6 13. cxd5 exd5 14. Nf1 Qd8 15.
Ng3 Bxg3 16. hxg3 Re8 17. Qa1 Qe7 18. Bd1 Qd6 19. Qc1 Ba6 20. Be2 Bb7 21. Qd2
Rc6 22. Rec1 Ng4 23. Ng5 Ndf6 24. b4 h6 25. bxc5 bxc5 26. Nh3 Nxe3 27. fxe3
Qxg3 28. Bf3 Ng4 29. Bxg4 Qxg4 30. Rxc5 Rg6 31. Bd4 Qxh3 0-1

[Event "East Detroit (MCO/3)"]
[Site "?"]
[Date "1983.??.??"]
[Round "?"]
[White "Levadi, David"]
[Black "Banish, K.."]
[Result "0-1"]
[WhiteElo "1795"]
[BlackElo "1605"]
[PlyCount "52"]
[EventDate "1983.??.??"]

1. Nf3 Nf6 2. b4 d5 3. Bb2 Bf5 4. g3 e6 5. a3 Be7 6. Bg2 O-O 7. O-O Nbd7 8. d3
c5 9. bxc5 Nxc5 10. Nbd2 Rc8 11. c4 dxc4 12. Nxc4 b5 13. Ne3 Bg6 14. Ne5 Qb6
15. Nxg6 hxg6 16. Ra2 Na4 17. Qb3 Rc7 18. Rb1 Rfc8 19. Bf3 Nc3 20. Nc4 Rxc4 21.
dxc4 Nxb1 22. Bxf6 Bxf6 23. Qxb1 bxc4 24. Be4 c3 25. Kf1 c2 26. Bxc2 Qxb1+ 0-1

[Event "Ann Arbor (MI Op/6)"]
[Site "?"]
[Date "1983.??.??"]
[Round "?"]
[White "Lehotzky, Attila"]
[Black "Pegeron, J.."]
[Result "1-0"]
[WhiteElo "2070"]
[BlackElo "1935"]
[PlyCount "107"]
[EventDate "1983.??.??"]

1. d4 d5 2. c4 e6 3. Nc3 Be7 4. Bf4 Nf6 5. e3 O-O 6. Nf3 c5 7. dxc5 Bxc5 8.
cxd5 exd5 9. Bg5 Nc6 10. Be2 d4 11. exd4 Nxd4 12. Nxd4 Bxd4 13. O-O h6 14. Bh4
Bxc3 15. bxc3 Qxd1 16. Rfxd1 g5 17. Bg3 Ne4 18. Be5 Re8 19. Bd4 Nxc3 20. Bxc3
Rxe2 21. Rd8+ Kh7 22. Rh8+ Kg6 23. g4 b6 24. Rg8+ Kh7 25. Rg7+ Kh8 26. Rxg5+
Kh7 27. Rg7+ Kh8 28. Rxf7+ Kg8 29. Rg7+ Kf8 30. Rh7 Kg8 31. Rxh6 Rc2 32. Bd4
Rc4 33. Rd1 Bb7 34. Rh8+ Kf7 35. Rh7+ Ke6 36. Rxb7 Rd8 37. Re1+ Kd5 38. Be3
Rxg4+ 39. Kh1 Rh8 40. Rg1 Ra4 41. Rd7+ Ke6 42. Rd2 Rah4 43. f3 Rh3 44. Re1 R8h7
45. Bxb6+ Kf5 46. Bg1 Rxf3 47. Rf2 Rxf2 48. Bxf2 a6 49. Bg3 Rb7 50. Re5+ Kg4
51. Re4+ Kf3 52. Rf4+ Ke3 53. Rf2 Rg7 54. Kg2 1-0

[Event "East Detroit (MCO/1)"]
[Site "?"]
[Date "1983.??.??"]
[Round "?"]
[White "Lehotzky, Attila"]
[Black "Lungu, C.."]
[Result "1-0"]
[WhiteElo "2070"]
[BlackElo "1605"]
[PlyCount "35"]
[EventDate "1983.??.??"]

1. d4 c6 2. Nf3 d6 3. c4 e6 4. Nc3 Be7 5. e4 Nf6 6. Qc2 a6 7. Bd3 Nbd7 8. e5
dxe5 9. dxe5 Ng4 10. Bf4 Bc5 11. O-O Bxf2+ 12. Rxf2 Nxf2 13. Qxf2 Qb6 14. Be3
Qc7 15. Qg3 O-O 16. Bxh7+ Kh8 17. Qh3 f6 18. Bg6+ 1-0

[Event "Ann Arbor (MI Op/2)"]
[Site "?"]
[Date "1983.??.??"]
[Round "?"]
[White "Lehotzky, Attila"]
[Black "Gregor, P.."]
[Result "0-1"]
[WhiteElo "2070"]
[BlackElo "2220"]
[PlyCount "48"]
[EventDate "1983.??.??"]

1. d4 Nf6 2. c4 c5 3. Nf3 e6 4. Bg5 cxd4 5. Nxd4 Qa5+ 6. Qd2 Bb4 7. Nc3 Ne4 8.
Nxe4 Bxd2+ 9. Bxd2 Qe5 10. Nb5 O-O 11. Nbc3 d5 12. f4 Qf5 13. g4 Qxg4 14. cxd5
exd5 15. Nxd5 Qh4+ 16. Ng3 Nc6 17. O-O-O Be6 18. Nc3 f5 19. Bg2 Rac8 20. Kb1
Na5 21. Be1 Qe7 22. Nd5 Qc5 23. Bxa5 Qxa5 24. a3 Rcd8 0-1

[Event "East Detroit (MCO/3)"]
[Site "?"]
[Date "1983.??.??"]
[Round "?"]
[White "Lehotzky, Attila"]
[Black "Frohman, T.."]
[Result "1-0"]
[WhiteElo "2070"]
[BlackElo "1650"]
[PlyCount "51"]
[EventDate "1983.??.??"]

1. d4 Nf6 2. c4 c5 3. Nf3 cxd4 4. Nxd4 e5 5. Nb3 a5 6. a4 Qb6 7. e3 Bb4+ 8.
N1d2 Ne4 9. Be2 Qg6 10. O-O Nf6 11. c5 O-O 12. Nc4 d6 13. Kh1 dxc5 14. Nxe5 Qf5
15. f4 Nbd7 16. g4 Qe6 17. Bc4 Qe7 18. g5 Ne8 19. Nf3 Nb6 20. Be2 Bd7 21. Qc2
Nd6 22. Bd3 g6 23. Nbd2 Bc6 24. b3 Qxe3 25. Ne4 Qxc1 26. Raxc1 1-0

[Event "East Detroit (MCO/6)"]
[Site "?"]
[Date "1983.??.??"]
[Round "?"]
[White "Lehotzky, Attila"]
[Black "Finegold, Ben"]
[Result "0-1"]
[WhiteElo "2070"]
[BlackElo "2180"]
[PlyCount "84"]
[EventDate "1983.??.??"]

1. d4 Nf6 2. Nf3 e6 3. Bg5 Be7 4. Nc3 d5 5. e3 O-O 6. Bd3 Nbd7 7. O-O b6 8. Bf4
Bb7 9. h3 Rc8 10. Nb1 c5 11. c3 Ne4 12. Bh2 f5 13. Ne5 Nxe5 14. Bxe5 Qe8 15.
Nd2 g5 16. Nxe4 dxe4 17. Be2 Qg6 18. Qa4 Bc6 19. Qxa7 f4 20. exf4 Bd8 21. Qa3
gxf4 22. f3 Bd5 23. Qa4 Rf5 24. fxe4 Bxe4 25. g4 f3 26. Bc4 f2+ 27. Rxf2 Rxf2
28. Kxf2 Bh4+ 29. Kg1 Bc6 30. Qb3 Re8 31. Rf1 h5 32. Kh2 hxg4 33. hxg4 Qh6 34.
Bf4 Bg5+ 35. Kg1 Bxf4 36. Rxf4 Qxf4 37. Bxe6+ Kh8 38. d5 Qe3+ 39. Kh2 Qf2+ 40.
Kh3 Kg7 41. g5 Rh8+ 42. Kg4 Rh4# 0-1

[Event "Ann Arbor (MI Op/4)"]
[Site "?"]
[Date "1983.??.??"]
[Round "?"]
[White "Lehotzky, Attila"]
[Black "Bagherabadi, Mohammed"]
[Result "1-0"]
[WhiteElo "2070"]
[BlackElo "1920"]
[PlyCount "79"]
[EventDate "1983.??.??"]

1. d4 Nf6 2. c4 e6 3. a3 b6 4. Nc3 Bb7 5. Bf4 Nh5 6. Bg3 Nxg3 7. hxg3 d5 8.
cxd5 exd5 9. Qc2 g6 10. e3 Nd7 11. Bd3 Bg7 12. Nb5 O-O 13. Qxc7 Qxc7 14. Nxc7
Rac8 15. Nb5 Ba6 16. Kd2 Bxb5 17. Bxb5 Rc7 18. Bxd7 Rxd7 19. Rc1 Rb8 20. Ne2
Bf8 21. Nf4 a5 22. Rc6 Kg7 23. Rhc1 Rbb7 24. Nd3 Bd6 25. R1c2 h5 26. b4 axb4
27. axb4 Rd8 28. Ra2 Kf8 29. Ra6 Bc7 30. b5 Ke7 31. Nb2 Rd6 32. Rc2 Rf6 33. Kd3
Bd6 34. Ra4 Rd7 35. Ke2 Re6 36. Rc8 Kf6 37. Nd3 Ree7 38. Rc6 Ke6 39. Rxb6 Rc7
40. Nc5+ 1-0

[Event "Ann Arbor (MI Op/7)"]
[Site "?"]
[Date "1983.??.??"]
[Round "?"]
[White "Lehotzky, Attila"]
[Black "Avery, Robert W"]
[Result "1/2-1/2"]
[WhiteElo "2070"]
[BlackElo "2120"]
[PlyCount "39"]
[EventDate "1983.??.??"]

1. d4 Nf6 2. c4 g6 3. Nf3 Bg7 4. Nc3 d5 5. Bf4 c6 6. e3 O-O 7. Bd3 c5 8. dxc5
Qa5 9. O-O dxc4 10. Bxc4 Qxc5 11. Bb3 Nc6 12. Rc1 Qh5 13. Ng5 h6 14. Nge4 Nxe4
15. Qxh5 gxh5 16. Nxe4 h4 17. h3 Bf5 18. Nc5 Na5 19. Bd5 Bxb2 20. Rcd1 1/2-1/2

[Event "Ann Arbor (MI Op/4)"]
[Site "?"]
[Date "1983.??.??"]
[Round "?"]
[White "Laren, Philip"]
[Black "Small, L.."]
[Result "1/2-1/2"]
[WhiteElo "2155"]
[BlackElo "2035"]
[PlyCount "105"]
[EventDate "1983.??.??"]

1. e4 c5 2. Nf3 Nf6 3. Nc3 d6 4. d4 cxd4 5. Qxd4 Nc6 6. Bb5 Bd7 7. Bxc6 Bxc6 8.
Bg5 e5 9. Qd3 h6 10. Bxf6 Qxf6 11. Nd5 Qd8 12. O-O-O Bxd5 13. Qxd5 Qc7 14. Rd3
Qc6 15. Rhd1 Qxd5 16. Rxd5 Be7 17. Nd2 O-O-O 18. Nc4 Kc7 19. R1d3 Rhf8 20. Ne3
Bg5 21. Kd1 Bxe3 22. Rxe3 f5 23. Rc3+ Kb8 24. Rg3 g5 25. f3 fxe4 26. fxe4 Rf6
27. Ke2 Rdf8 28. a4 Rf2+ 29. Kd3 Kc7 30. b4 R8f4 31. Ra5 a6 32. Rd5 Rf1 33. Rh3
Rf6 34. b5 Rd1+ 35. Kc4 axb5+ 36. Rxb5 Rd4+ 37. Kb3 Rxe4 38. Rc3+ Kb8 39. a5
Rd4 40. a6 Rf7 41. Rh3 Rh7 42. axb7 Rxb7 43. Rxb7+ Kxb7 44. Rxh6 Kc6 45. Rg6
Rg4 46. g3 Kd5 47. Kc3 Rc4+ 48. Kd3 Rd4+ 49. Ke3 g4 50. Rg8 Ra4 51. Kd3 Ra3+
52. Kd2 Ra4 53. Kd3 1/2-1/2

[Event "Southfield (MEX/5)"]
[Site "?"]
[Date "1983.??.??"]
[Round "?"]
[White "Laren, Philip"]
[Black "Rawley, L.."]
[Result "0-1"]
[WhiteElo "2125"]
[BlackElo "2200"]
[PlyCount "62"]
[EventDate "1983.??.??"]

1. e4 g6 2. d4 Bg7 3. c3 b6 4. Bd3 Bb7 5. Nf3 c5 6. O-O Qc7 7. Na3 a6 8. dxc5
bxc5 9. Nc4 Nc6 10. Be3 d6 11. Qd2 Nf6 12. Rad1 O-O 13. Bh6 Na5 14. Bxg7 Nxc4
15. Bxc4 Kxg7 16. e5 dxe5 17. Ng5 Rad8 18. Qe2 Rxd1 19. Rxd1 h6 20. Nf3 e4 21.
Ne1 Qb6 22. b3 e6 23. Qb2 Rd8 24. Rc1 Qd6 25. b4 Bd5 26. Be2 Rb8 27. a3 a5 28.
Rd1 cxb4 29. c4 bxa3 30. Qa1 Rb2 31. Bf1 Qc5 0-1